000 00903nam a2200229 a 4500
001 000007582
005 20240313133356.0
008 090909s1996 dr 000 0 spa d
020 _a8484002209
040 _aDO-SdBNP
_bspa
_cBNPHU
082 _a345.729305
_bP438co
100 1 _aPèrez Mèndez, Artagnan,
_d1929-2017
_977104
245 1 0 _aCódigo penal dominicano anotado :
_bdisposiciones preliminares-lib. I, cap. I al IV; lib II, cap. único /
_cArtagnan Pérez Méndez.
260 _aSanto Domingo :
_bTaller,
_c1996.
300 _a747 p. ;
_c23 cm.
504 _aIncluye bibliografía y notas al pie de páginas.
590 _aInventariado,2018/DG
650 4 _aDerecho penal
_xLegislación
_zRepública Dominicana
_916570
650 4 _aProcedimiento penal
_xLegislación
_zRepública Dominicana
_916571
650 4 _aLeyes
_zRepública Dominicana
_93033
910 _aValidado. Control de calidad EMS
999 _c7362
_d7362